<?xml version="1.0" encoding="UTF-8"?>
<record
    xmlns:xsi="http://www.w3.org/2001/XMLSchema-instance"
    xsi:schemaLocation="http://www.loc.gov/MARC21/slim http://www.loc.gov/standards/marcxml/schema/MARC21slim.xsd"
    xmlns="http://www.loc.gov/MARC21/slim">

  <leader>01530cam a2200277 a 4500</leader>
  <controlfield tag="001">000010898</controlfield>
  <controlfield tag="005">20200929162320.0</controlfield>
  <controlfield tag="008">960214s1994    ck a     b    000 0 spa  </controlfield>
  <datafield tag="020" ind1=" " ind2=" ">
    <subfield code="a">9589057454</subfield>
  </datafield>
  <datafield tag="040" ind1=" " ind2=" ">
    <subfield code="a">DO-SdBNP</subfield>
    <subfield code="b">spa</subfield>
    <subfield code="c">BNPHU</subfield>
  </datafield>
  <datafield tag="082" ind1=" " ind2=" ">
    <subfield code="a">581.634</subfield>
    <subfield code="b">S386b</subfield>
  </datafield>
  <datafield tag="100" ind1="1" ind2=" ">
    <subfield code="a">Schultes, Richard Evans,</subfield>
    <subfield code="d">1915-2001.</subfield>
    <subfield code="9">26272</subfield>
  </datafield>
  <datafield tag="240" ind1="1" ind2="0">
    <subfield code="a">Vine of the soul: medicine, men, their plants and rituals in the Colombia Amazona.</subfield>
    <subfield code="l">Espa&#xF1;ol.</subfield>
  </datafield>
  <datafield tag="245" ind1="1" ind2="3">
    <subfield code="a">El bejuco del alma :</subfield>
    <subfield code="b">los m&#xE9;dicos tradicionales de la amazonia colombiana, sus plantas y sus rituales /</subfield>
    <subfield code="c">Richard Evans Schultes, Robert F. Raffauf ; pr&#xF3;logo de Ghillean T. Prance ; ep&#xED;logo de Michael J. Balick ; traducc&#xED;on, Carlos Alberto Uribe Tob&#xF3;n.</subfield>
  </datafield>
  <datafield tag="260" ind1=" " ind2=" ">
    <subfield code="a">Santaf&#xE9; de Bogota :</subfield>
    <subfield code="b">Uniandes :</subfield>
    <subfield code="a">Medell&#xED;n :</subfield>
    <subfield code="b">Universidad de Antioquia :</subfield>
    <subfield code="a">Santaf&#xE9; de Bogot&#xE1; :</subfield>
    <subfield code="b">Universidad de Antioquia :</subfield>
    <subfield code="b">Banco de la Rep&#xFA;blica,</subfield>
    <subfield code="c">1994.</subfield>
  </datafield>
  <datafield tag="300" ind1=" " ind2=" ">
    <subfield code="a">vii, 284 p. :</subfield>
    <subfield code="b">il. ;</subfield>
    <subfield code="c">26 cm.</subfield>
  </datafield>
  <datafield tag="504" ind1=" " ind2=" ">
    <subfield code="a">Bibliograf&#xED;a: (p. 281-284).</subfield>
  </datafield>
  <datafield tag="534" ind1=" " ind2=" ">
    <subfield code="p">T&#xED;tulo original en ingl&#xE9;s:</subfield>
    <subfield code="t">Vine of the soul: medicine, men, their plants and rituals in the Colombia Amazona.</subfield>
  </datafield>
  <datafield tag="650" ind1=" " ind2="4">
    <subfield code="a">Plantas medicinales</subfield>
    <subfield code="z">Colombia</subfield>
    <subfield code="9">26273</subfield>
  </datafield>
  <datafield tag="650" ind1=" " ind2="4">
    <subfield code="a">Ind&#xED;genas de am&#xE9;rica del sur</subfield>
    <subfield code="x">Etnobot&#xE1;nica</subfield>
    <subfield code="z">Colombia.</subfield>
    <subfield code="9">26274</subfield>
  </datafield>
  <datafield tag="650" ind1=" " ind2="4">
    <subfield code="a">Ind&#xED;genas de am&#xE9;rica del sur</subfield>
    <subfield code="z">Colombia</subfield>
    <subfield code="x">Ritos y ceremonias.</subfield>
    <subfield code="9">26275</subfield>
  </datafield>
  <datafield tag="650" ind1=" " ind2="4">
    <subfield code="a">Chamanismo</subfield>
    <subfield code="z">Colombia.</subfield>
    <subfield code="9">26276</subfield>
  </datafield>
  <datafield tag="700" ind1="1" ind2=" ">
    <subfield code="a">Raffauf, Robert F.</subfield>
    <subfield code="q">(Robert Francis),</subfield>
    <subfield code="d">1916-</subfield>
    <subfield code="9">26277</subfield>
  </datafield>
  <datafield tag="700" ind1="1" ind2=" ">
    <subfield code="a">Prance, Ghillean T.,</subfield>
    <subfield code="e">pr&#xF3;l.</subfield>
    <subfield code="9">26278</subfield>
  </datafield>
  <datafield tag="700" ind1="1" ind2=" ">
    <subfield code="a">Uribe Tob&#xF3;n, Carlos Alberto,</subfield>
    <subfield code="e">tr.</subfield>
    <subfield code="9">26279</subfield>
  </datafield>
  <datafield tag="952" ind1=" " ind2=" ">
    <subfield code="0">0</subfield>
    <subfield code="1">0</subfield>
    <subfield code="5">0</subfield>
    <subfield code="7">1</subfield>
    <subfield code="8">MO</subfield>
    <subfield code="a">GR</subfield>
    <subfield code="b">GR</subfield>
    <subfield code="c">HD</subfield>
    <subfield code="d">2009-10-12</subfield>
    <subfield code="i">LF1</subfield>
    <subfield code="l">0</subfield>
    <subfield code="o">581.634 S386b</subfield>
    <subfield code="p">10898-10</subfield>
    <subfield code="r">2020-06-25</subfield>
    <subfield code="w">2020-06-25</subfield>
    <subfield code="y">1</subfield>
    <subfield code="Z">No se presta</subfield>
  </datafield>
  <datafield tag="952" ind1=" " ind2=" ">
    <subfield code="0">0</subfield>
    <subfield code="1">1</subfield>
    <subfield code="5">0</subfield>
    <subfield code="7">1</subfield>
    <subfield code="8">MO</subfield>
    <subfield code="a">GR</subfield>
    <subfield code="b">GR</subfield>
    <subfield code="c">MI</subfield>
    <subfield code="d">2017-05-22</subfield>
    <subfield code="i">LF1</subfield>
    <subfield code="l">0</subfield>
    <subfield code="o">581.634 S386b</subfield>
    <subfield code="p">10898-20</subfield>
    <subfield code="r">2020-06-25</subfield>
    <subfield code="t">e. 2</subfield>
    <subfield code="w">2020-06-25</subfield>
    <subfield code="y">1</subfield>
    <subfield code="Z">No se presta</subfield>
  </datafield>
  <datafield tag="999" ind1=" " ind2=" ">
    <subfield code="c">10637</subfield>
    <subfield code="d">10637</subfield>
  </datafield>
</record>
